000 004760000a22001810004500
001 001757
003 MACL
005 20151015155716.0
008 151015b xxu||||| |||| 00| 0 eng d
040 _aMACL
_cMACL
041 _aEnglish
082 _a920.82/TAR
100 _aTarkovsky, Andrey
_914488
245 _aTime Within Time
_bThe Diaries 1970-1986
_cAndrey Tarkovsky
260 _aNew Delhi
_c2004
_bSeagull Books,
650 _aBiography
_915063
942 _k921
_cBK
_2ddc
999 _c13674
_d13674